| 000 | 00911cam a2200145ua 4500 | ||
|---|---|---|---|
| 041 |
_aeng _h |
||
| 082 |
_a674.03 _bIND/SP |
||
| 110 | 1 |
_aIndian standards institution . _bISI _c() |
|
| 245 |
_aSpecification for ledged braced and battened timber door shutters ,IS:6198-1983 / _cIndian standards institution. _hTextual Documents |
||
| 260 |
_a : _bISI , _c1983. |
||
| 300 | _a12 ; . | ||
| 504 | _a | ||
| 942 | _cBK | ||
| 999 |
_c4177 _d4177 |
||